Biotechnology (Record no. 16660)

000 -LEADER
fixed length control field 00313nam a22001457a 4500
003 - CONTROL NUMBER IDENTIFIER
control field OSt
005 - DATE AND TIME OF LATEST TRANSACTION
control field 20170316131232.0
008 - FIXED-LENGTH DATA ELEMENTS--GENERAL INFORMATION
fixed length control field 131204t xxu||||| |||| 00| 0 eng d
020 ## - INTERNATIONAL STANDARD BOOK NUMBER
International Standard Book Number 0-521-58694-1
040 ## - CATALOGING SOURCE
Transcribing agency ASAB
082 ## - DEWEY DECIMAL CLASSIFICATION NUMBER
Classification number 616.69
100 ## - MAIN ENTRY--PERSONAL NAME
Personal name John E. Smith
9 (RLIN) 389
245 ## - TITLE STATEMENT
Title Biotechnology
Statement of responsibility, etc. by John E. Smith
250 ## - EDITION STATEMENT
Edition statement 3rd Ed.
300 ## - PHYSICAL DESCRIPTION
Extent 236 P
942 ## - ADDED ENTRY ELEMENTS (KOHA)
Source of classification or shelving scheme
Koha item type Book
Holdings
Withdrawn status Lost status Source of classification or shelving scheme Damaged status Not for loan Collection code Permanent Location Current Location Date acquired Total Checkouts Full call number Barcode Date last seen Date last checked out Price effective from Koha item type
            Atta-ur-Rahman School of Applied Biosciences (ASAB) Atta-ur-Rahman School of Applied Biosciences (ASAB) 12/04/2013 1 616.69 SMI ASAB631 02/04/2026 01/29/2026 12/04/2013 Book
© 2023 Central Library, National University of Sciences and Technology. All Rights Reserved.